| 000 | 02404nam0a2200397 4500 | ||
|---|---|---|---|
| 001 | RU\NLR\bibl\788776 | ||
| 005 | 20250614121829.0 | ||
| 010 |
_a5-89144-514-X _bв обл. _910000 |
||
| 021 |
_aRU _b2004-75628 _93730 |
||
| 035 | _aRSL-KNO-002508850 | ||
| 035 | _a(NLR Aleph) 000778035 | ||
| 090 |
_a1044347 _c1044347 |
||
| 100 | _a20041206d2005 |||y0rusy50 ca | ||
| 101 | 0 | _arus | |
| 102 | _aRU | ||
| 105 | _aa ||||||||| | ||
| 106 | _ar | ||
| 200 | 1 |
_aЛогоритмические упражнения без музыкального сопровождения _eметод. пособие _fЕ. А. Алябьева |
|
| 210 |
_aМ. _cТвор. Центр Сфера _d2005 _gГУП Смол. обл. тип. им. В.И. Смирнова |
||
| 215 |
_a59, [1] с. _cил. _d21 |
||
| 225 | 1 | _aЛогопед в ДОУ | |
| 320 | _aБиблиогр.: с. 58 (13 назв.) | ||
| 606 | 1 |
_aДетская речь _jМетодические пособия _xДефекты _xИсправление _xИспользование стихов _92374636 _3RU\NLR\auth\661417185 |
|
| 610 | 0 | _aКультура. Наука. Просвещение -- Народное образование. Педагогические науки -- Дошкольное воспитание. Дошкольная педагогика -- Дошкольная педагогика -- Российская Федерация -- Теория обучения в дошкольном возрасте -- Обучение языкам -- Обучение родному языку | |
| 610 | 0 | _aКультура. Наука. Просвещение -- Народное образование. Педагогические науки -- Дефектология -- Логопедия -- Отдельные отрасли логопедии -- Организация и методика занятий с детьми при нарушениях речи -- Обучение детей с расстройствами ритма и темпа речи | |
| 686 |
_aЧ411,6(2)382.1,0 _2rubbk |
||
| 686 |
_aЧ437.923,0 _2rubbk |
||
| 686 | _aЧ411.382.11 | ||
| 686 | _aЧ437.92 | ||
| 700 | 1 |
_aАлябьева _bЕ. А. _gЕлена Алексеевна _4070 |
|
| 801 | 0 |
_aRU _bRuMoRKP _c20041206 _grcr |
|
| 801 | 1 |
_aRU _bRuMoRGB _c20041206 |
|
| 801 | 2 |
_aRU _bNLR _c20050418 _gPSBO |
|
| 942 | _cBOOK | ||
| 980 | _aNB | ||